000 00884nam a2200253Ia 4500
003 OSt
005 20220923230956.0
006 a|||||r|||| 00| 0
007 ta
008 220922b |||||||| |||| 00| 0 hin d
024 _a327,245
037 _cTextual
040 _aARTS
_cARTS
_bhin
041 _2hin
_ahin
082 _aO152vN7, Q2
100 _aत्रिपाठी, विश्वनाथ
245 0 _aहिन्दी साहित्य का सरल इतिहास
246 _aHindī sāhitya kā saral itihāsa
260 _aनई दिल्ली
_b ओरियंट ब्लैकस्वॉन
_c2012
300 _a178पृ.
_ccm.
650 _aहिन्दी साहित्य
_9156264
942 _hO152vN7, Q2
_cTEXL
_2CC
999 _c388528
_d388528